Alle Länder des Königreichs Österreich-Ungarn (mit Karte) - Statistiken

Allgemein
  • Dieses Quiz wurde 37 mal gespielt
  • Das Durchschnittsergebnis liegt bei 12 aus 13
Antworten auf der Karte
Die Antworten werden auf der Karte rot bzw. grün angezeigt, abhängig davon wie oft sie richtig erraten wurden.
 
Antwortstatistiken
Land % Korrekt
Österreich
100%
Tschechien
100%
Ungarn
100%
Slowakei
97%
Bosnien und Herzegowina
94%
Italien
94%
Kroatien
94%
Rumänien
91%
Serbien
91%
Slowenien
91%
Montenegro
88%
Polen
88%
Ukraine
88%
Keine übereinstimmenden Quizze gefunden
Verteilung der Resultate
Anzahl Personen mit jedem Resultat
Perzentil nach korrekt beantworteten Fragen
Ihre Resultats-Entwicklung
Sie haben dieses Quiz noch nicht gespielt